000 00886nam a2200277 i 4500
003 EG-GICUC
005 20260204132445.0
008 260204s1965 uk ||||fr ||| 00| 0 eng d
040 _aEG-GICUC
_cEG-GICUC
_dEG-GICUC
_erda
_beng
082 0 4 _221
_a341.28
_bNK . N
092 0 4 _221
099 _aLaw1 11 341.28 NK . N 1965
100 1 _aNkrumah,Kwame
_eAuthor.
245 _aNeo-Colonalism :
_bThe Last Stage Of Imperialism /
_cKwame Nkrumah .
264 0 _aLondon :
_bThomas Nelson And Sons ,
_c1965 .
300 _a280 Pages;
_c30 cm.
_billustration ;
336 _atext
_2rda content
337 _aComputer
_2rda media
338 _aOnline Resource
_2rda carrier
546 _aText in English
650 0 4 _aPublic international law
650 0 4 _aNon-Independent Logic
856 _uhttps://fll.law.cu.edu.eg/fulltext/th/B11-06665.pdf
905 _a59
942 _2ddc
_cBK
_e21
_n0
999 _c60918
_d60918